Normal view MARC view
  • Ewald, Johann von,

Entry Personal Name

Number of records used in: 1

001 - CONTROL NUMBER

  • control field: 89019

003 - CONTROL NUMBER IDENTIFIER

  • control field: NUST

005 - DATE AND TIME OF LATEST TRANSACTION

  • control field: 20220214152600.0

008 - FIXED-LENGTH DATA ELEMENTS

  • fixed length control field: 220214|| aca||aabn | a|a d

040 ## - CATALOGING SOURCE

  • Original cataloging agency: NUST
  • Transcribing agency: NUST

100 ## - HEADING--PERSONAL NAME

  • Personal name: Ewald, Johann von,
  • Dates associated with a name: 1744-1813

670 ## - SOURCE DATA FOUND

  • Source citation: Work cat.: (NUST)0: Ewald, Johann von, 1744-1813., Diary of the American War :, 1979.
© 2023 Central Library, National University of Sciences and Technology. All Rights Reserved.